Les couleurs en anglais niveau débutant - Statistiques

Statistiques générales
  • Ce quiz a été pris 182 fois
  • Le résultat moyen est 11 sur 14
Statistiques - réponses
Hint Réponse % Correct
noir black
100%
bleu blue
100%
rouge red
100%
vert green
99%
blanc white
99%
jaune yellow
99%
orange orange
97%
rose pink
97%
marron brown
92%
violet purple
88%
bleu foncé dark blue
55%
bleu clair light blue
44%
beige beige
38%
gris gray grey
3%
Aucun quiz correspondant
Distribution des résultats
% des personnes avec chaque résultat
Percentile par nombre de réponses
Votre historique - résultats
Vous n’avez pas pris ce quiz